000 00655cab a22001815a 4500
001 L152352
008 110225e20110218xxko f 000 0 eng d
035 _a(Sirsi) u152352
041 0 _aeng
100 1 _aChoat, Rupert
245 0 0 _aOnce upon a time
260 _c2011
490 0 _aBuilding
_v276 (8666) 18 February 2011, 41(1)
520 _aThe law determining whether there should be an extension of time (EOT) when both employer and contractor are to blame for a delay in construction, is in disarray.
651 4 _aEngland and Wales
_y1543-
690 _aBUILT ENVIRONMENT-CONSTRUCTION MANAGEMENT-BUILDING CONTRACT ADMINISTRATION
942 _n0
999 _c82947
_d82947